[Event "IND-ch U15 Girls"]
[Site "Tiruchengode"]
[Date "2019.07.13"]
[Round "7"]
[White "Garima, Gaurav"]
[Black "Divya, Deshmukh"]
[Result "0-1"]
[WhiteElo "1713"]
[BlackElo "2373"]
[PlyCount "80"]
[EventDate "2019.07.09"]
[EventType "swiss"]
[EventRounds "11"]
[EventCountry "IND"]
[SourceTitle "EXT 2020"]
[Source "ChessBase"]
[SourceDate "2019.10.17"]
[SourceVersion "1"]
[SourceVersionDate "2019.10.17"]
[SourceQuality "1"]

1. d4 Nf6 2. Nf3 e6 3. e3 b6 4. Be2 Bb7 5. 0-0 Be7 6. b3 0-0 7. Bb2 d6 8. Nbd2 c5 9. c4 Nbd7 10. Bd3 Qc7 11. Rc1 Rac8 12. Qe2 Qb8 13. Rfd1 Qa8 14. h3 Rfd8 15. Bb1 Nf8 16. Re1 cxd4 17. exd4 d5 18. a3 a5 19. Bd3 Rc7 20. cxd5 Rxc1 21. Rxc1 Nxd5 22. Be4 Bf6 23. g3 Nd7 24. Ne5 Bxe5 25. dxe5 Nc5 26. Rd1 a4 27. b4 Nc3 28. Bxh7+ Kxh7 29. Bxc3 Ne4 30. Nxe4 Rxd1+ 31. Qxd1 Bxe4 32. Qd4 b5 33. Kf1 Bf5 34. Kg1 Kg8 35. Qh4 Qd5 36. Qd4 Qa8 37. Qh4 Be4 38. Kf1 Qd5 39. Ke1 Qd3 40. Bb2 Bf3 0-1

[Event "IND-ch U19 Girls"]
[Site "New Delhi"]
[Date "2018.11.30"]
[Round "4"]
[White "Garima, Gaurav"]
[Black "Arpita, Mukherjee"]
[Result "0-1"]
[WhiteElo "1768"]
[BlackElo "2090"]
[PlyCount "96"]
[EventDate "2018.11.28"]
[EventType "swiss"]
[EventRounds "11"]
[EventCountry "IND"]
[SourceTitle "CBM 187 Extra"]
[Source "ChessBase"]
[SourceDate "2018.11.04"]
[SourceVersion "1"]
[SourceVersionDate "2018.11.04"]
[SourceQuality "1"]

1. d4 Nf6 2. Nf3 g6 3. e3 Bg7 4. Bd3 d5 5. Nbd2 c5 6. b3 Nc6 7. Bb2 cxd4 8. exd4 0-0 9. 0-0 Nh5 10. Ne5 Nf4 11. Ndf3 Nxd3 12. Qxd3 Bf5 13. Qd2 Rc8 14. c3 a6 15. Nxc6 Rxc6 16. Ne5 Rc8 17. f4 Qc7 18. Rac1 Qa5 19. a3 f6 20. Nf3 Qb6 21. Rfe1 Be4 22. b4 e5 23. Kh1 Bxf3 24. gxf3 exf4 25. Qxf4 Rfe8 26. Re3 g5 27. Qf5 Rxe3 28. Qxc8+ Bf8 29. Qf5 Qe6 30. Qxe6+ Rxe6 31. Rc2 b5 32. Bc1 Kf7 33. Kg2 Kg6 34. f4 g4 35. Kg3 Kf5 36. h3 gxh3 37. Kxh3 Re1 38. Kg3 Bd6 39. Kf2 Re4 40. Kg3 Re1 41. Kf2 Rh1 42. Kg2 Rd1 43. Be3 Ke4 44. Re2 Kd3 45. Kf3 Rh1 46. Bf2 Rh3+ 47. Bg3 Rxg3+ 48. Kxg3 Kxe2 0-1

[Event "IND-ch Challengers (Women) 44th"]
[Site "Mysore"]
[Date "2017.07.21"]
[Round "1"]
[White "Garima, Gaurav"]
[Black "Soumya, Swaminathan"]
[Result "0-1"]
[WhiteElo "1535"]
[BlackElo "2349"]
[PlyCount "130"]
[EventDate "2017.07.21"]
[EventType "swiss"]
[EventRounds "11"]
[EventCountry "IND"]
[SourceTitle "EXT 2019"]
[Source "ChessBase"]
[SourceDate "2018.10.10"]
[SourceVersion "1"]
[SourceVersionDate "2018.10.10"]
[SourceQuality "1"]

1. e4 c5 2. Nf3 Nc6 3. d4 cxd4 4. Nxd4 Nf6 5. Nc3 d6 6. Be2 e5 7. Nb3 Be7 8. 0-0 0-0 9. Be3 a5 10. a4 Be6 11. Nd2 d5 12. exd5 Nxd5 13. Nxd5 Bxd5 14. Bc4 Rc8 15. Bxd5 Qxd5 16. Nb3 Qc4 17. c3 Rfd8 18. Qc2 Nb4 19. Qf5 Qxb3 20. cxb4 Qxb4 21. Qxe5 Bf6 22. Qg3 Qxb2 23. Rab1 Qa2 24. Rb6 Bc3 25. Rxb7 Qxa4 26. Qf3 Qc4 27. Rc1 a4 28. Qf4 Qd5 29. Qf3 Qa2 30. g3 h6 31. Qg4 Qc4 32. Qxc4 Rxc4 33. Bb6 Rdc8 34. Ra7 Bb2 35. Rd1 Rc1 36. Rxc1 Rxc1+ 37. Kg2 a3 38. Be3 Rc4 39. Kf3 h5 40. h4 Kh7 41. Ra5 Kg6 42. Bg5 f6 43. Be3 Kf7 44. Ra6 Ke7 45. Ke2 Kd7 46. Kd3 Rc3+ 47. Ke2 Kc7 48. Kd1 Kb7 49. Rb6+ Kc7 50. Ra6 Rc6 51. Ra5 Rc4 52. Ra6 Rc3 53. Ke2 Kb7 54. Ra7+ Kc6 55. Ra5 Rb3 56. Rc5+ Kb7 57. Ra5 Bc3 58. Ra7+ Kb8 59. Bc5 Rb5 60. Be3 Ra5 61. Rxa5 Bxa5 62. Bd4 Kb7 63. Kd3 Bb6 64. Bxb6 Kxb6 65. Kc4 a2 0-1

[Event "IND-ch U13 Girls 31st"]
[Site "Jalandhar"]
[Date "2017.06.22"]
[Round "3"]
[White "Divya, Deshmukh"]
[Black "Garima, Gaurav"]
[Result "1-0"]
[WhiteElo "1989"]
[BlackElo "1535"]
[PlyCount "63"]
[EventDate "2017.06.21"]
[EventType "swiss"]
[EventRounds "11"]
[EventCountry "IND"]
[SourceTitle "CBM 179 Extra"]
[Source "ChessBase"]
[SourceDate "2017.08.23"]
[SourceVersion "1"]
[SourceVersionDate "2017.08.23"]
[SourceQuality "1"]

1. e4 e5 2. Nc3 Bc5 3. Bc4 Nf6 4. d3 h6 5. f4 d6 6. f5 Nc6 7. h3 Bd7 8. g4 Nh7 9. Nf3 Nd4 10. h4 Nxf3+ 11. Qxf3 Rf8 12. g5 Bb4 13. f6 g6 14. h5 gxh5 15. Qxh5 Nxg5 16. Bxg5 hxg5 17. Qxg5 Be6 18. Qg7 Kd7 19. Bxe6+ Kxe6 20. Qg4+ Kxf6 21. 0-0+ Ke7 22. Nd5+ Ke8 23. Nxb4 c6 24. c3 Qb6+ 25. Rf2 Ke7 26. Kf1 f6 27. Ke2 a5 28. Nc2 Qxb2 29. Kd2 Qb6 30. Raf1 Rg8 31. Qh4 Kd7 32. Qh7+ 1-0

[Event "IND-ch U13 Girls"]
[Site "Gujarath"]
[Date "2016.07.30"]
[Round "11"]
[White "Aanya, Agarwal"]
[Black "Garima, Gaurav"]
[Result "0-1"]
[WhiteElo "1536"]
[BlackElo "1621"]
[PlyCount "84"]
[EventDate "2016.07.22"]
[EventType "swiss"]
[EventRounds "11"]
[EventCountry "IND"]
[SourceTitle "EXT 2017"]
[Source "ChessBase"]
[SourceDate "2016.10.25"]
[SourceVersion "1"]
[SourceVersionDate "2016.10.25"]
[SourceQuality "1"]

1. d4 d5 2. c4 e6 3. Nc3 Be7 4. cxd5 exd5 5. Bf4 c6 6. Qc2 Nf6 7. e3 Nbd7 8. Bd3 0-0 9. Nf3 h6 10. h3 Re8 11. 0-0 b6 12. Nb5 Rf8 13. Bc7 Qe8 14. Nd6 Bxd6 15. Bxd6 Bb7 16. Bxf8 Qxf8 17. Ne5 Nxe5 18. dxe5 Nd7 19. f4 Qe7 20. Qe2 c5 21. Rad1 c4 22. Bf5 Nc5 23. Rf3 d4 24. Rg3 d3 25. Qg4 Ne6 26. Qh5 Kh8 27. Qg4 Rd8 28. Bxe6 fxe6 29. f5 exf5 30. Qxc4 Qxe5 31. Qf4 Qc5 32. Qh4 Rd7 33. Qh5 Qe5 34. Qh4 Be4 35. Qf4 Qxb2 36. Qb8+ Kh7 37. Qe8 Rd6 38. Qe7 Rg6 39. Rxg6 Kxg6 40. Qd6+ Kh7 41. Qg3 Qc2 42. Ra1 d2 0-1

[Event "IND-ch U13 Girls"]
[Site "Gujarath"]
[Date "2016.07.28"]
[Round "9"]
[White "Madhani, Shilpee"]
[Black "Garima, Gaurav"]
[Result "0-1"]
[WhiteElo "1281"]
[BlackElo "1621"]
[PlyCount "138"]
[EventDate "2016.07.22"]
[EventType "swiss"]
[EventRounds "11"]
[EventCountry "IND"]
[SourceTitle "EXT 2017"]
[Source "ChessBase"]
[SourceDate "2016.10.25"]
[SourceVersion "1"]
[SourceVersionDate "2016.10.25"]
[SourceQuality "1"]

1. Nf3 d5 2. c4 e6 3. cxd5 exd5 4. g3 Nf6 5. Bg2 Be7 6. 0-0 0-0 7. d3 Nbd7 8. Nc3 b6 9. Qc2 Bb7 10. Nd4 c5 11. Nf5 Ne5 12. Bf4 Nc6 13. Nb5 a6 14. Nc3 d4 15. Na4 Nb4 16. Qb3 Bxg2 17. Kxg2 b5 18. Nb6 Ra7 19. a3 Nc6 20. Nxe7+ Rxe7 21. Qc2 Rb7 22. Qxc5 Qxb6 23. Qc2 Nd5 24. Bd6 Re8 25. Rac1 Nce7 26. Bc5 Qc6 27. Kg1 Nf5 28. Bb4 Qxc2 29. Rxc2 Nxb4 30. axb4 g6 31. g4 Ne7 32. Rc5 Rc8 33. Rfc1 Rxc5 34. bxc5 Rc7 35. Kg2 a5 36. Kf3 Nc6 37. Ke4 Kf8 38. e3 dxe3 39. fxe3 Nb4 40. d4 Re7+ 41. Kf3 f5 42. gxf5 gxf5 43. Ra1 a4 44. Rc1 Nd3 45. Rb1 b4 46. c6 Rc7 47. Ke2 Nxb2 48. Rxb2 b3 49. d5 Ke7 50. Kd3 Kd6 51. Kc4 Ra7 52. Rb1 a3 53. Kxb3 a2 54. Ra1 Kxd5 55. c7 Rxc7 56. Rxa2 Ke4 57. Ra5 Rf7 58. Kc3 Kxe3 59. Re5+ Kf3 60. Kd2 f4 61. Ke1 Rg7 62. Rh5 Kg4 63. Re5 f3 64. Re4+ Kh3 65. Kf2 Rf7 66. Re3 Kg4 67. Re4+ Rf4 68. Re8 h5 69. Rg8+ Kh3 0-1